<?xml version="1.0" encoding="UTF-8"?><?xml-stylesheet type="text/xsl" href="static/style.xsl"?><OAI-PMH xmlns="http://www.openarchives.org/OAI/2.0/" xmlns:xsi="http://www.w3.org/2001/XMLSchema-instance" xsi:schemaLocation="http://www.openarchives.org/OAI/2.0/ http://www.openarchives.org/OAI/2.0/OAI-PMH.xsd"><responseDate>2026-06-07T19:00:33Z</responseDate><request verb="GetRecord" identifier="oai:docta.ucm.es:20.500.14352/96076" metadataPrefix="marc">https://docta.ucm.es/rest/oai/request</request><GetRecord><record><header><identifier>oai:docta.ucm.es:20.500.14352/96076</identifier><datestamp>2025-03-18T13:46:13Z</datestamp><setSpec>com_20.500.14352_14</setSpec><setSpec>col_20.500.14352_15</setSpec></header><metadata><record xmlns="http://www.loc.gov/MARC21/slim" xmlns:dcterms="http://purl.org/dc/terms/" xmlns:xsi="http://www.w3.org/2001/XMLSchema-instance" xmlns:doc="http://www.lyncode.com/xoai" xsi:schemaLocation="http://www.loc.gov/MARC21/slim http://www.loc.gov/standards/marcxml/schema/MARC21slim.xsd">
   <leader>00925njm 22002777a 4500</leader>
   <datafield ind2=" " ind1=" " tag="042">
      <subfield code="a">dc</subfield>
   </datafield>
   <datafield ind2=" " ind1=" " tag="720">
      <subfield code="a">Cancela Cilleruelo, Álvaro</subfield>
      <subfield code="e">author</subfield>
   </datafield>
   <datafield ind2=" " ind1=" " tag="260">
      <subfield code="c">2021</subfield>
   </datafield>
   <datafield ind2=" " ind1=" " tag="520">
      <subfield code="a">En Cic. Arch. 10 el raro adverbio grauatim (“de mala gana”) difícilmente implica una valoración personal del propio Cicerón, como sostiene Gaffiot, y una minusvaloración de los artistas escénicos con los que se compara a Arquias; la lectura del célebre latinista francés es, en varios puntos, discutible. La interpretación del pasaje reclama, de hecho, el sentido contrario, que requeriría una lítote; ahora bien, mejor que &lt;haud> grauatim (propuesto por Thomas a la luz de Livio 1.2.3), el usus ciceroniano de Balb. 36, de orat. 1.208 y off. 2.66 y 3.59 sugiere restituir &lt;non> grauatim (“de buen grado”), como propuso Pizzani. La omisión de la negación se había producido ya en el arquetipo de la pieza, pero su reinserción cuenta con un indicio independiente: la presencia de la glosa uel gratuito (“desinteresadamente”). Esta lectura, difundida en toda la tradición y presente ya en el arquetipo, se justifica mejor si, en origen, surgió como glosa o alternativa facilior del adverbio negado, como demuestra off. 2.66 (non grauate et gratuito)</subfield>
   </datafield>
   <datafield ind1="8" ind2=" " tag="024">
      <subfield code="a">1699-3225</subfield>
   </datafield>
   <datafield ind1="8" ind2=" " tag="024">
      <subfield code="a">10.33776/ec.v25i0.5515</subfield>
   </datafield>
   <datafield ind1="8" ind2=" " tag="024">
      <subfield code="a">https://hdl.handle.net/20.500.14352/96076</subfield>
   </datafield>
   <datafield ind1="8" ind2=" " tag="024">
      <subfield code="a">2173-6839</subfield>
   </datafield>
   <datafield ind1="8" ind2=" " tag="024">
      <subfield code="a">https://www.uhu.es/publicaciones/ojs/index.php/exemplaria/article/view/5515</subfield>
   </datafield>
   <datafield ind2="0" ind1="0" tag="245">
      <subfield code="a">Gravatim (Cic. Arch. 10)</subfield>
   </datafield>
</record></metadata></record></GetRecord></OAI-PMH>